[Event "Chigorin Memorial"]
[Site "St Petersburg RUS"]
[Date "2013.10.09"]
[Round "5.50"]
[White "Larina, Marija"]
[Black "Usmanov, Vasily"]
[Result "0-1"]
[WhiteTitle "WFM"]
[WhiteElo "2011"]
[BlackElo "2366"]
[WhiteFideId "24113182"]
[BlackFideId "4135741"]
[EventDate "2013.10.05"]

1. e4 c5 2. Nf3 Nc6 3. d4 cxd4 4. Nxd4 Nf6 5. Nc3 e5 6. Ndb5 h6 7. Nd6+ Bxd6 8.
Qxd6 Qe7 9. Qxe7+ Kxe7 10. Be3 d6 11. h3 Be6 12. O-O-O a6 13. f4 b5 14. f5 Bc8
15. Be2 Bb7 16. Bf3 Rac8 17. Bb6 Nb8 18. Rhe1 Nbd7 19. Bf2 Rc4 20. Bh4 Rhc8 21.
Rd2 g5 22. fxg6 fxg6 23. Be2 R4c7 24. Bd3 g5 25. Bf2 Nc5 26. a3 Bc6 27. Bxc5
dxc5 28. Nd5+ Bxd5 29. exd5 Kd6 30. Bf5 Rf8 31. Rde2 Re7 32. Be6 Nxd5 33. Bxd5
Kxd5 34. Rd1+ Kc6 35. Rde1 Rfe8 36. h4 e4 37. hxg5 hxg5 38. Kd2 Rd7+ 39. Ke3 Rd4
40. Rh1 b4 41. Rh6+ Kb5 42. a4+ Kxa4 43. Rxa6+ Kb5 44. Rg6 Re5 45. b3 Rd8 46.
Rf2 c4 47. bxc4+ Kxc4 48. Rff6 Rc5 49. Rb6 Kc3 50. Kxe4 Rd4+ 51. Ke3 Rdc4 52.
Rg8 Kxc2 53. Rgb8 Rc3+ 54. Ke4 b3 55. g4 Rg3 56. R6b7 Rxg4+ 57. Kf3 Rh4 58. Kg3
Rc3+ 59. Kg2 Rd4 60. Kf2 g4 0-1

[Event "Chigorin Memorial"]
[Site "St Petersburg RUS"]
[Date "2013.10.09"]
[Round "5.51"]
[White "Epishin, Vladimir"]
[Black "Vorobjev, Dmitry"]
[Result "1-0"]
[WhiteTitle "GM"]
[WhiteElo "2572"]
[BlackElo "2190"]
[WhiteFideId "4162714"]
[BlackFideId "24112178"]
[EventDate "2013.10.05"]

1. d4 d5 2. c4 Nc6 3. Nf3 Bg4 4. Nc3 e6 5. cxd5 exd5 6. a3 Bxf3 7. gxf3 Nge7 8.
e3 g6 9. h4 h5 10. Bd3 Qd7 11. Qc2 Qe6 12. Ne2 Bh6 13. Bd2 O-O 14. f4 f5 15.
O-O-O Nc8 16. Rdg1 Nd6 17. Rxg6+ Qxg6 18. Rg1 Qxg1+ 19. Nxg1 Ne4 20. Nh3 Rad8
21. Qd1 Rd6 22. Bxe4 dxe4 23. Qxh5 Kg7 24. d5 Ne7 25. Bb4 c5 26. Bc3+ Kg8 27.
Be5 Rfd8 28. Bxd6 1-0

[Event "Chigorin Memorial"]
[Site "St Petersburg RUS"]
[Date "2013.10.09"]
[Round "5.53"]
[White "Smirnov, Artem"]
[Black "Drachev, Oleg"]
[Result "1-0"]
[WhiteTitle "IM"]
[WhiteElo "2434"]
[BlackElo "2176"]
[WhiteFideId "4143256"]
[BlackFideId "24193933"]
[EventDate "2013.10.05"]

1. e4 d6 2. d4 Nf6 3. Nc3 g6 4. g3 Bg7 5. Bg2 Nc6 6. Nge2 O-O 7. h3 e5 8. Be3
exd4 9. Nxd4 Bd7 10. O-O Re8 11. Qd2 a6 12. Rad1 Rb8 13. Rfe1 Nxd4 14. Bxd4 Bc6
15. f4 Nh5 16. Bf2 b5 17. g4 b4 18. Nb1 Nf6 19. e5 Bxg2 20. exf6 Bxh3 21. fxg7
Bxg4 22. Rxe8+ Qxe8 23. Re1 Qc6 24. Bd4 Be6 25. Qg2 Qc4 26. Qe4 c5 27. Bf6 Qxe4
28. Rxe4 Bxa2 29. Nd2 Be6 30. Re1 Rb6 31. Nc4 Rc6 32. Ne3 c4 33. Nd5 1-0

[Event "Chigorin Memorial"]
[Site "St Petersburg RUS"]
[Date "2013.10.09"]
[Round "5.54"]
[White "Ponomarev, Dmitry"]
[Black "Aminov, Andrey"]
[Result "0-1"]
[WhiteTitle "IM"]
[WhiteElo "2395"]
[BlackElo "2163"]
[WhiteFideId "24112046"]
[BlackFideId "24162728"]
[EventDate "2013.10.05"]

1. d4 Nf6 2. c4 g6 3. Nc3 Bg7 4. e4 d6 5. Be2 O-O 6. Bg5 Na6 7. f4 c6 8. Qd2 Nc7
9. Bf3 Ne6 10. Bh4 c5 11. dxc5 Nxc5 12. Rd1 Be6 13. b3 a6 14. Nge2 b5 15. e5
dxe5 16. fxe5 Nfd7 17. b4 Na4 18. Nxa4 bxa4 19. Bxa8 Qxa8 20. O-O Nxe5 21. Bxe7
Nxc4 22. Qd8 Ne3 23. Nf4 Rxd8 24. Rxd8+ Qxd8 25. Bxd8 Nxf1 26. Nxe6 fxe6 27.
Kxf1 Bf8 28. Ke2 Bxb4 29. Kd3 Bd6 30. h3 Kf7 31. Ke4 Ke8 32. Bf6 Kd7 33. Kd4 Kc6
34. Kc4 Bc5 35. Bg7 Bd6 36. Bf6 e5 37. Bg7 Bc7 38. Bf8 Bb6 39. Bb4 e4 40. Be1
Bc5 41. Bg3 h5 42. Bh4 Be3 43. Bg3 Bb6 44. Bh4 Kd6 45. Bg3+ Ke6 46. Bb8 Kf5 47.
Bd6 Bf2 48. Bc7 g5 49. Kc3 Be3 50. Kc2 g4 51. Kd1 gxh3 52. gxh3 Bf4 53. Bd8 Ke6
54. Kc2 Kd5 55. Kc3 Be5+ 56. Kd2 Bd4 57. Ke2 Kc4 58. Ba5 e3 59. Be1 Bb6 60. Bh4
Kc3 61. Be7 Kb2 62. a3 Kc2 63. Bb4 Bd4 64. Bd6 Kb3 65. Kd3 Bb2 0-1

[Event "Chigorin Memorial"]
[Site "St Petersburg RUS"]
[Date "2013.10.09"]
[Round "5.55"]
[White "Kuzmin, Egor"]
[Black "Demianjuk, Alexander"]
[Result "0-1"]
[WhiteElo "2190"]
[BlackElo "2355"]
[WhiteFideId "24101737"]
[BlackFideId "4134249"]
[EventDate "2013.10.05"]

1. d4 d5 2. c4 e6 3. Nc3 c6 4. Nf3 dxc4 5. e3 b5 6. a4 Bb4 7. Ne5 Nf6 8. Qf3 Qd5
9. Be2 Qxf3 10. Bxf3 Nd5 11. Bxd5 exd5 12. O-O f6 13. Nf3 Bxc3 14. bxc3 Bf5 15.
Ne1 a5 16. axb5 cxb5 17. f3 Nc6 18. g4 Be6 19. Ba3 Kd7 20. Nc2 Rhb8 21. Rfb1 b4
22. Bc1 bxc3 23. Rxb8 Rxb8 24. e4 Rb2 25. Ne3 Nxd4 26. exd5 Nxf3+ 27. Kf1 Bf7
28. Nxc4 Nxh2+ 29. Ke1 Nf3+ 30. Kd1 Rh2 31. Nb6+ Kd8 0-1

[Event "Chigorin Memorial"]
[Site "St Petersburg RUS"]
[Date "2013.10.09"]
[Round "5.56"]
[White "Savitskiy, Sergey"]
[Black "Tkachev, Ivan"]
[Result "1-0"]
[WhiteTitle "FM"]
[WhiteElo "2354"]
[BlackElo "2156"]
[WhiteFideId "24105660"]
[BlackFideId "4186885"]
[EventDate "2013.10.05"]

1. e4 c6 2. d4 d5 3. Nc3 dxe4 4. Nxe4 Nf6 5. Nxf6+ gxf6 6. Be3 Bf5 7. Ne2 h5 8.
h4 Nd7 9. Ng3 Bg6 10. Bd3 Bxd3 11. Qxd3 e6 12. O-O-O Qa5 13. Kb1 O-O-O 14. Qe2
Bd6 15. Ne4 Be7 16. c4 f5 17. Bg5 f6 18. Bd2 Qc7 19. Ng3 Nf8 20. Bc1 Bd6 21.
Nxh5 Qf7 22. Ng3 Qg7 23. d5 Bxg3 24. fxg3 Qg4 25. Qxg4 fxg4 26. Rhf1 f5 27. Bg5
Rd7 28. d6 Rf7 29. c5 Kd7 30. b4 e5 31. Rfe1 Ng6 32. Kc2 e4 33. Kc3 Ne5 34. a4
Nd3 35. Rxd3 exd3 36. Kxd3 Rg8 37. Kd4 Rg6 38. Re5 Rg8 39. Ke3 a5 40. b5 cxb5
41. axb5 a4 42. Kd4 Ra8 43. Bd2 f4 44. Kd5 Rc8 45. Bxf4 a3 46. Rg5 a2 47. Be5
Re8 48. c6+ bxc6+ 49. bxc6+ Kd8 50. Bd4 Ref8 51. Bb6+ Kc8 52. d7+ Kb8 53. Bd4
Kc7 54. Be5+ Kb6 55. Kd6 Rf6+ 56. Bxf6 Rxf6+ 57. Ke7 a1=Q 58. d8=Q+ Kxc6 59.
Qd7+ Kb6 60. Rb5+ 1-0

[Event "Chigorin Memorial"]
[Site "St Petersburg RUS"]
[Date "2013.10.09"]
[Round "5.57"]
[White "Tologontegin, Semetey"]
[Black "Kharmunova, Nadezhda"]
[Result "1-0"]
[WhiteTitle "FM"]
[BlackTitle "WIM"]
[WhiteElo "2350"]
[BlackElo "2148"]
[WhiteFideId "13800574"]
[BlackFideId "4195876"]
[EventDate "2013.10.05"]

1. e4 c6 2. d4 d5 3. e5 Bf5 4. h4 h5 5. Nf3 e6 6. c4 Ne7 7. Nc3 Bg4 8. Bg5 Qb6
9. Qd2 Nd7 10. Be2 dxc4 11. O-O Nd5 12. Bxc4 f6 13. exf6 gxf6 14. Bxd5 cxd5 15.
Bf4 Rc8 16. Nh2 Bb4 17. Nxg4 hxg4 18. Bg3 Kf7 19. Rfe1 Rc4 20. Rad1 f5 21. Qe3
Bxc3 22. bxc3 Qc6 23. Rd3 Rh5 24. f3 Nf6 25. Be5 gxf3 26. Bxf6 Kxf6 27. Qxf3
Rxh4 28. Qg3 Rh6 29. Rde3 Kf7 30. Qg5 Rg6 31. Qh5 Kg7 32. Rh3 Qc8 33. Qh7+ Kf6
34. Rxe6+ Qxe6 35. Qh8+ Ke7 36. Rh7+ Qf7 37. Qe5+ Re6 38. Rxf7+ Kxf7 39. Qxf5+
Ke7 40. Qxd5 Rxc3 41. Qxb7+ Kf6 42. Qxa7 Rc2 43. a4 Ra2 44. a5 Re1+ 45. Kh2 Rea1
46. Qb6+ Kf5 47. d5 Rxa5 48. Qe6+ Kf4 49. Qf6+ Ke4 50. d6 Rh5+ 51. Kg3 Raa5 52.
Qf3+ Kd4 53. d7 1-0

[Event "Chigorin Memorial"]
[Site "St Petersburg RUS"]
[Date "2013.10.09"]
[Round "5.58"]
[White "Pershin, Denis"]
[Black "Palachev, Petr"]
[Result "1/2-1/2"]
[BlackTitle "FM"]
[WhiteElo "2190"]
[BlackElo "2348"]
[WhiteFideId "24165506"]
[BlackFideId "24129003"]
[EventDate "2013.10.05"]

1. e4 d6 2. d4 Nf6 3. Nc3 g6 4. f4 Bg7 5. Nf3 O-O 6. Bd3 Na6 7. O-O c5 8. d5 Rb8
9. a4 Bg4 10. Qe2 Nc7 11. Qf2 Bxf3 12. Qxf3 e6 13. dxe6 Nxe6 14. Be3 Nd4 15.
Bxd4 cxd4 16. Nd5 Nxd5 17. exd5 Qb6 18. b3 Rbe8 19. f5 Re3 20. Qf4 Bf6 21. Qh6
Qd8 22. fxg6 hxg6 23. Qf4 Kg7 24. Rf3 Be5 25. Qg4 Rxf3 26. Qxf3 Rh8 27. h3 Qg5
28. Rf1 f5 29. Kf2 Re8 30. g3 Qd2+ 31. Kg1 Rh8 32. Rf2 Qh6 33. h4 Qc1+ 34. Kg2
Qe3 35. Re2 Qc1 36. Rf2 Qh6 37. Kg1 Re8 38. Kg2 Bf6 39. Re2 Re5 40. h5 Rxe2+ 41.
Qxe2 gxh5 1/2-1/2

[Event "Chigorin Memorial"]
[Site "St Petersburg RUS"]
[Date "2013.10.09"]
[Round "5.59"]
[White "Pranizin, Gennady"]
[Black "Mikhailov, Viacheslav"]
[Result "0-1"]
[BlackTitle "FM"]
[WhiteElo "2187"]
[BlackElo "2343"]
[WhiteFideId "24131393"]
[BlackFideId "4187369"]
[EventDate "2013.10.05"]

1. e4 c5 2. Nc3 Nc6 3. g3 g6 4. Bg2 Bg7 5. f4 d6 6. Nf3 Nf6 7. O-O O-O 8. d3 Nd4
9. h3 Rb8 10. a4 Nd7 11. f5 Nxf3+ 12. Qxf3 Ne5 13. Qe2 Nc6 14. Nd5 e6 15. f6 Bh8
16. Bh6 exd5 17. Bxf8 Kxf8 18. exd5 Nd4 19. Qf2 Nf5 20. c3 Bxf6 21. Rae1 Be5 22.
Re3 Qg5 23. Rxe5 dxe5 24. Qxc5+ Kg7 25. Qc7 Qxg3 26. Qxb8 Nh4 27. Rf2 Bxh3 28.
Qxa7 Bxg2 29. d6 Nf3+ 0-1

[Event "Chigorin Memorial"]
[Site "St Petersburg RUS"]
[Date "2013.10.09"]
[Round "5.60"]
[White "Biriukov, Oleg V."]
[Black "Kostrikina, Anna"]
[Result "1-0"]
[WhiteTitle "IM"]
[BlackTitle "WFM"]
[WhiteElo "2328"]
[BlackElo "2140"]
[WhiteFideId "4123174"]
[BlackFideId "4176219"]
[EventDate "2013.10.05"]

1. d4 Nf6 2. c4 e6 3. Nc3 Bb4 4. Qc2 O-O 5. a3 Bxc3+ 6. Qxc3 d5 7. Bg5 c5 8.
dxc5 d4 9. Qg3 Nbd7 10. Nf3 e5 11. O-O-O Re8 12. e3 Nxc5 13. Nxe5 Nce4 14. Qf4
Nxg5 15. Qxg5 h6 16. Qf4 g5 17. Qxd4 Qe7 18. f4 Bg4 19. Re1 Red8 20. Qc3 Bf5 21.
Bd3 Bxd3 22. Nxd3 Ne4 23. Qc2 Rac8 24. Ne5 b5 25. Rd1 Nd6 26. c5 Nc4 27. Rxd8+
Rxd8 28. Nxc4 bxc4 29. Qxc4 Qxe3+ 30. Kb1 Rd4 31. Qc1 Qd3+ 32. Qc2 Qxc2+ 33.
Kxc2 Rc4+ 34. Kd3 Rxc5 35. fxg5 hxg5 36. Re1 Rd5+ 37. Ke3 Re5+ 38. Kf2 Rf5+ 39.
Kg3 Rb5 40. b4 a5 41. Rb1 Kg7 42. Kf3 axb4 43. axb4 Kf6 44. Ke4 Ke6 45. Kd4 Kd6
46. Kc4 Rf5 47. b5 Kc7 48. b6+ Kb7 49. Rb2 g4 50. Kd4 Rh5 51. g3 Rf5 52. Ke4 Rf1
53. Ke5 f6+ 54. Ke6 Rf3 55. Rb4 Rf2 56. Rxg4 Rxh2 57. Kxf6 Rg2 58. Rg7+ Kxb6 59.
g4 Kc6 60. g5 Kd6 61. Ra7 Rf2+ 62. Kg7 Ke6 63. g6 Rg2 64. Rf7 Rg1 65. Rf2 Rg3
66. Kh7 Rh3+ 67. Kg8 Rg3 68. g7 Ke7 69. Re2+ Kf6 70. Kf8 1-0

[Event "Chigorin Memorial"]
[Site "St Petersburg RUS"]
[Date "2013.10.09"]
[Round "5.61"]
[White "Kigel, Dmytro"]
[Black "Yudkevich, Mikhail"]
[Result "1/2-1/2"]
[WhiteTitle "FM"]
[WhiteElo "2320"]
[BlackElo "2121"]
[WhiteFideId "14117932"]
[BlackFideId "4134486"]
[EventDate "2013.10.05"]

1. d4 e6 2. c4 d5 3. Nc3 Nf6 4. cxd5 exd5 5. Bg5 Be7 6. e3 O-O 7. Bd3 Nbd7 8.
Nf3 c6 9. Qc2 Re8 10. h3 Nf8 11. O-O-O a5 12. Ne5 N6d7 13. Nxd7 Bxd7 14. Bxe7
Qxe7 15. Kb1 b5 16. Rc1 a4 17. Ne2 Rec8 18. Qc5 Qf6 19. Nf4 Bf5 20. Bxf5 Qxf5+
21. Qc2 Qf6 22. g4 Nd7 23. h4 Nb6 24. g5 Qe7 25. Qc5 Qe4+ 26. Ka1 Nc4 27. h5 Nd2
28. Qc2 Nb3+ 29. Kb1 Nd2+ 30. Ka1 Nb3+ 31. Kb1 Nd2+ 1/2-1/2

[Event "Chigorin Memorial"]
[Site "St Petersburg RUS"]
[Date "2013.10.09"]
[Round "5.62"]
[White "Ivakhinova, Inna"]
[Black "Grachev, Andrey"]
[Result "1-0"]
[WhiteTitle "WGM"]
[WhiteElo "2312"]
[BlackElo "2110"]
[WhiteFideId "4185641"]
[BlackFideId "24138290"]
[EventDate "2013.10.05"]

1. d4 d6 2. Nf3 Bg4 3. g3 Bxf3 4. exf3 e6 5. Bg2 d5 6. O-O Nf6 7. f4 Be7 8. Qd3
O-O 9. b3 Nbd7 10. Bb2 c6 11. f5 exf5 12. Qxf5 Nb6 13. Qd3 Qd7 14. Nd2 Rfe8 15.
Nf3 Qc7 16. a4 Rad8 17. Ne5 Bd6 18. Rae1 Nfd7 19. f4 Nf8 20. Re2 f6 21. Nf3 Rxe2
22. Qxe2 f5 23. Ne5 Nbd7 24. Bh3 g6 25. g4 fxg4 26. Qxg4 Nf6 27. Qg2 Qg7 28. c4
Re8 29. f5 Re7 30. cxd5 Nxd5 31. f6 Nxf6 32. Nc4 Ne8 33. Nxd6 Nxd6 34. d5 Qh6
35. Ba3 g5 36. Be6+ Nxe6 37. Bxd6 Rd7 38. dxe6 Qxe6 39. Qxg5+ Qg6 40. Qxg6+ hxg6
41. Bb8 Rd3 42. b4 Rd4 43. Rf4 Rd1+ 44. Kf2 Rd2+ 45. Kg3 a5 46. bxa5 c5 47. Ba7
Rc2 48. Rf6 Kg7 49. Rb6 Rc3+ 50. Kg4 Kh6 51. Rxb7 Rc4+ 52. Kg3 Rxa4 53. Bxc5
Rxa5 54. Be3+ g5 55. h4 Kh5 56. hxg5 Ra4 57. Rb6 Rg4+ 58. Kf2 Rg3 59. Rf6 Kg4
60. Rf4+ 1-0

[Event "Chigorin Memorial"]
[Site "St Petersburg RUS"]
[Date "2013.10.09"]
[Round "5.63"]
[White "Kalinin, Nikita"]
[Black "Molchanova, Tatjana"]
[Result "0-1"]
[BlackTitle "WGM"]
[WhiteElo "2167"]
[BlackElo "2311"]
[WhiteFideId "24155390"]
[BlackFideId "4132203"]
[EventDate "2013.10.05"]

1. d4 d5 2. c4 e6 3. Nf3 Nf6 4. Nc3 Bb4 5. Bg5 h6 6. Bh4 c6 7. e3 Qa5 8. Qb3 Ne4
9. Rc1 Nd7 10. Bd3 dxc4 11. Qxc4 Nxc3 12. bxc3 Ba3 13. Rb1 Nb6 14. Qb3 Nd5 15.
Ne5 Bf8 16. Rc1 Qa3 17. Qc2 Be7 18. Bg3 Nxc3 19. O-O Bb4 20. Ra1 Qa4 21. Qb2 Nd5
22. e4 Ba3 23. Qe2 Nf6 24. Ng4 Nxg4 25. Qxg4 Qxd4 26. Rad1 h5 27. Qf3 Be7 28. e5
Qa4 29. Qe3 h4 30. h3 Qb4 31. Bf4 Qb6 32. Qf3 Bd7 33. Be3 Qc7 34. Rb1 b6 35.
Rfc1 Rd8 36. Bf4 c5 37. Qg4 g5 38. Bxg5 Rg8 39. Bxe7 Rxg4 40. Bxd8 Rxg2+ 41.
Kxg2 Bc6+ 42. Kf1 Qxd8 43. Be2 Qg5 44. Bg4 Qxe5 45. Re1 Qh2 46. Rb3 Bd5 47. Rc3
Bxa2 48. Bh5 Ke7 49. Ree3 b5 50. Rf3 f5 51. Rxc5 Bc4+ 52. Ke1 Kd6 53. Rc8 Qe5+
54. Re3 Qa1+ 55. Bd1 Qa5+ 0-1

[Event "Chigorin Memorial"]
[Site "St Petersburg RUS"]
[Date "2013.10.09"]
[Round "5.64"]
[White "Melnikov, Dmitry"]
[Black "Zherebtsova, Alexandra"]
[Result "1-0"]
[WhiteTitle "FM"]
[WhiteElo "2311"]
[BlackElo "2078"]
[WhiteFideId "4146468"]
[BlackFideId "24129518"]
[EventDate "2013.10.05"]

1. e4 e5 2. Nf3 Nc6 3. Bb5 a6 4. Ba4 Nf6 5. O-O Be7 6. Re1 b5 7. Bb3 O-O 8. d4
Nxd4 9. Nxd4 exd4 10. e5 Ne8 11. c3 d6 12. Qf3 Be6 13. cxd4 Bxb3 14. axb3 dxe5
15. dxe5 Bb4 16. Nc3 c6 17. Qxc6 Rc8 18. Qxa6 Nc7 19. Qb7 Qd3 20. Qe4 Qxe4 21.
Rxe4 Bxc3 22. bxc3 Nd5 23. c4 bxc4 24. bxc4 Nb6 25. Ba3 Rfe8 26. Rc1 f5 27. Rd4
Rxe5 28. g3 Rc6 29. Rd8+ Kf7 30. c5 Nc8 31. Rb1 Re8 32. Rb7+ Re7 33. Rb8 Re8 34.
Rd5 g6 35. Kg2 Re4 36. Rd8 Re8 37. Rxe8 Kxe8 38. Kf3 Kf7 39. Rb7+ Ne7 40. Kf4
Kf6 41. Bb2+ Ke6 42. Kg5 f4 43. Ba3 fxg3 44. fxg3 h5 45. Rb6 Kf7 46. Bb4 Re6 47.
Rb7 Rc6 48. Kh6 Kf6 49. Ba3 Nf5+ 50. Kh7 Ne7 51. Bb2+ Kf7 52. Be5 Ke6 53. Bd6
Nf5 54. Kxg6 Nxd6 55. cxd6 h4 56. Kg5 hxg3 57. d7 Ke7 58. hxg3 Rc5+ 59. Kh4 Rd5
60. d8=Q+ Kxd8 61. Rf7 Ke8 62. Rf1 Rd7 63. g4 Rf7 64. Rxf7 Kxf7 65. Kh5 Kg7 66.
Kg5 Kg8 67. Kg6 Kh8 68. g5 Kg8 69. Kh6 1-0

[Event "Chigorin Memorial"]
[Site "St Petersburg RUS"]
[Date "2013.10.09"]
[Round "5.65"]
[White "Leontiev, Aleksandr V."]
[Black "Gogin, Maksim"]
[Result "1/2-1/2"]
[WhiteTitle "IM"]
[WhiteElo "2310"]
[BlackElo "2075"]
[WhiteFideId "4122968"]
[BlackFideId "24195871"]
[EventDate "2013.10.05"]

1. c4 Nf6 2. Nc3 g6 3. e4 d6 4. d4 Bg7 5. Be2 O-O 6. Bg5 c5 7. d5 Na6 8. Qd2 Qa5
9. Nf3 Rb8 10. O-O Re8 11. Rfe1 Nc7 12. a3 Nd7 13. Bf4 a6 14. Reb1 b5 15. b4 Qb6
16. Be3 Qa7 17. a4 bxc4 18. Bxc4 Nb6 19. Bf1 cxb4 20. Rxb4 a5 21. Rxb6 Rxb6 22.
Rb1 Na8 23. Bxb6 Nxb6 24. Nb5 Qb7 25. Qxa5 f5 26. Na3 fxe4 27. Rxb6 Qc7 28. Nb5
Qc1 29. Qd2 Qa1 30. Ng5 Qxa4 31. Nc7 e3 32. fxe3 Rf8 33. Nce6 Qa7 34. Rc6 Bxe6
35. Nxe6 Bh6 36. Rc3 Rf5 37. g4 Rf7 38. g5 Bf8 39. Rc8 Rxf1+ 40. Kxf1 Qa6+ 41.
Kg2 Qxc8 42. Qd4 Qc2+ 43. Kg3 Qf5 44. h4 Qf7 45. Qc4 Qe8 46. Qc3 h5 47. Kf3 Qf7+
48. Ke2 Bg7 49. Qc8+ Kh7 50. Qd7 Kg8 51. e4 Kh8 52. Nd8 Qf4 53. Qxe7 Qg4+ 54.
Kd2 Qg2+ 55. Kd3 Qf1+ 56. Ke3 Qe1+ 57. Kd3 Qd1+ 58. Kc4 Qa4+ 59. Kd3 Qd1+ 1/2-1/2

[Event "Chigorin Memorial"]
[Site "St Petersburg RUS"]
[Date "2013.10.09"]
[Round "5.66"]
[White "Semenova, Elena1"]
[Black "Rozanov, Pavel B."]
[Result "1-0"]
[WhiteTitle "WIM"]
[BlackTitle "FM"]
[WhiteElo "2163"]
[BlackElo "2309"]
[WhiteFideId "24125148"]
[BlackFideId "4129270"]
[EventDate "2013.10.05"]

1. e4 c5 2. Nf3 Nc6 3. Bb5 e6 4. Bxc6 bxc6 5. d3 Ne7 6. Qe2 d5 7. c4 Ng6 8. e5
Be7 9. Nc3 f6 10. h4 h5 11. Bd2 Qc7 12. O-O-O Bd7 13. Rde1 O-O-O 14. Kb1 Bf8 15.
Na4 Be7 16. Be3 Qa5 17. b3 fxe5 18. Bd2 Qc7 19. Nxe5 Nxe5 20. Bf4 Be8 21. Bxe5
Qd7 22. cxd5 cxd5 23. Nxc5 Bxc5 24. Rc1 Qb5 25. Qe3 Kb7 26. Rxc5 Qa6 27. Rc7+
Ka8 28. Bd4 Rd7 29. Rhc1 Rf8 30. Rxd7 Bxd7 31. Rc7 1-0

[Event "Chigorin Memorial"]
[Site "St Petersburg RUS"]
[Date "2013.10.09"]
[Round "5.67"]
[White "Khakimov, Timur"]
[Black "Sorokopudov, Vladimir M."]
[Result "1/2-1/2"]
[WhiteTitle "IM"]
[WhiteElo "2305"]
[BlackElo "2057"]
[WhiteFideId "4169115"]
[BlackFideId "24153052"]
[EventDate "2013.10.05"]

1. e4 c6 2. d3 d5 3. Nd2 Nd7 4. Ngf3 Qc7 5. g3 g6 6. Bg2 Bg7 7. O-O Ngf6 8. Re1
dxe4 9. dxe4 Nc5 10. b4 Nfd7 11. e5 Ne6 12. Bb2 a5 13. bxa5 Rxa5 14. Nc4 Rd5 15.
Qe2 O-O 16. Nfd2 Rb5 17. a4 Rxb2 18. Nxb2 Nxe5 19. c3 f5 20. Nbc4 Nf7 21. Ra3
Bf6 22. a5 Nc5 23. Nb6 Rd8 24. Nb3 Nxb3 25. Rxb3 Ne5 26. Nxc8 Qxc8 27. f4 Nf7
28. Qc4 Qa8 29. Qc5 Kg7 30. h3 Rd3 31. Re3 Rd1+ 32. Kh2 Nd6 33. g4 h6 34. Re6
Qc8 35. Rxd6 Rxd6 36. gxf5 g5 37. Rb4 Qc7 38. Qb6 Rd7 39. Qxc7 Rxc7 40. fxg5
hxg5 1/2-1/2

[Event "Chigorin Memorial"]
[Site "St Petersburg RUS"]
[Date "2013.10.09"]
[Round "5.68"]
[White "Pyatin, Alexander"]
[Black "Cheremnova, Tamara"]
[Result "0-1"]
[BlackTitle "WIM"]
[WhiteElo "2146"]
[BlackElo "2289"]
[WhiteFideId "24125920"]
[BlackFideId "4175026"]
[EventDate "2013.10.05"]

1. e4 c6 2. d4 d5 3. e5 Bf5 4. Nd2 e6 5. Nb3 Nd7 6. Nf3 a6 7. Be3 Rc8 8. Be2 c5
9. c3 cxd4 10. Bxd4 Ne7 11. O-O Nc6 12. Rc1 Be7 13. Re1 O-O 14. h3 Nxd4 15.
Nbxd4 Bg6 16. Bd3 Bxd3 17. Qxd3 Nc5 18. Qe2 b5 19. Nd2 Qb6 20. Kh2 b4 21. c4 Na4
22. N2b3 dxc4 23. Rxc4 Rxc4 24. Qxc4 Nxb2 25. Qe2 Na4 26. f4 Rc8 27. Qg4 Rc4 28.
f5 exf5 29. Qxf5 Rxd4 30. Rf1 f6 31. Nxd4 Qxd4 32. Qe6+ Kf8 33. Qc8+ Qd8 34. Qc2
Nc3 35. Qxh7 Qd5 36. Qh8+ Qg8 37. Qh4 Qd5 38. Qh8+ Qg8 39. Qh4 Nxa2 40. exf6
gxf6 41. Rxf6+ Bxf6 42. Qxf6+ Qf7 43. Qd8+ Kg7 44. Qg5+ Kh7 45. Qh4+ Kg6 46.
Qg4+ Kf6 47. Qf4+ Ke6 48. Qc4+ Ke7 49. Qc7+ Kf8 50. Qd8+ Qe8 51. Qf6+ Kg8 52.
Qg5+ Kh7 53. Qh4+ Kg6 54. Qg4+ Kf6 55. Qf4+ Ke6 56. Qe4+ Kd7 57. Qd5+ Kc7 58.
Qxa2 Qe5+ 59. Kh1 a5 60. Qf2 Kc6 61. Qa7 Kb5 62. Qd7+ Kc4 63. Qa4 Kd3 64. Qd1+
Kc4 65. Qa4 Qd5 66. Kh2 Kc3 67. Qa1+ Kc2 68. Kg3 b3 69. h4 b2 70. Qa4+ Kc3 0-1

[Event "Chigorin Memorial"]
[Site "St Petersburg RUS"]
[Date "2013.10.09"]
[Round "5.69"]
[White "Pustovoitova, Daria"]
[Black "Kazakovskiy, Valeriy"]
[Result "1-0"]
[WhiteTitle "FM"]
[WhiteElo "2286"]
[BlackElo "2051"]
[WhiteFideId "4182146"]
[BlackFideId "13507443"]
[EventDate "2013.10.05"]

1. d4 Nf6 2. c4 e6 3. g3 Bb4+ 4. Bd2 Qe7 5. Nf3 Nc6 6. Nc3 d6 7. Bg2 O-O 8. O-O
Bxc3 9. Bxc3 Ne4 10. Rc1 Nxc3 11. Rxc3 e5 12. d5 Nb8 13. b4 Nd7 14. e4 g6 15.
Qc2 Nf6 16. c5 Bd7 17. Nd2 h5 18. Rc1 Rfc8 19. Qb2 Ne8 20. cxd6 cxd6 21. Qa3
Rxc3 22. Rxc3 Qd8 23. Nc4 Bb5 24. Bh3 Nc7 25. Qb3 Bd7 26. Bf1 Nb5 27. Rc1 Rc8
28. a4 Nd4 29. Qa3 Bg4 30. Na5 Rxc1 31. Qxc1 Qb6 32. Qc3 Nf3+ 33. Kg2 Ng5 34.
Nc4 Qc7 35. Kg1 Nxe4 36. Qe3 Nf6 37. Qxa7 Nxd5 38. b5 Nc3 39. b6 Qc6 40. Qb8+
Kg7 41. Nxd6 Ne2+ 42. Bxe2 Bxe2 43. Nf5+ gxf5 44. Qxe5+ Kg6 45. Qxe2 Qxb6 46. h4
Qd4 47. Qe7 Qd1+ 48. Kh2 Qf3 49. Qg5+ Kh7 50. Kg1 b6 51. Qf6 Qd5 52. Qxb6 Qd1+
53. Kh2 Qxa4 54. Qf6 Qd7 55. Qg5 Qd1 56. Qxf5+ Kg8 57. Kg2 Qe2 58. Qf3 Qb5 59.
Qe3 Qd5+ 60. Qf3 Qb5 61. Qf4 Qe2 62. Qb8+ Kg7 63. Qb7 Kg8 64. Qb1 Kg7 65. Qa1+
Kh7 66. Qd4 Kg8 67. Qe3 Qd1 68. Qf3 1-0

[Event "Chigorin Memorial"]
[Site "St Petersburg RUS"]
[Date "2013.10.09"]
[Round "5.70"]
[White "Androsov, Sergey"]
[Black "Pletnev, Evgeniy"]
[Result "0-1"]
[WhiteElo "2114"]
[BlackElo "2278"]
[WhiteFideId "4102681"]
[BlackFideId "24104140"]
[EventDate "2013.10.05"]

1. e4 Nc6 2. d4 d5 3. exd5 Qxd5 4. Nf3 Bg4 5. Be2 O-O-O 6. Nc3 Qa5 7. Be3 Nf6 8.
O-O e5 9. Ng5 Be6 10. Nxe6 fxe6 11. Nb5 a6 12. a4 exd4 13. Nxd4 Nxd4 14. Bxd4
Qf5 15. c3 e5 16. Bd3 e4 17. Bc4 Bd6 18. g3 h5 19. Qb3 Rde8 20. Bxf6 gxf6 21.
Rad1 h4 22. Bd5 b5 23. axb5 hxg3 24. fxg3 Qh3 25. Rd2 Bc5+ 26. Kh1 Qxf1# 0-1